Science Quiz

Random Science or Math Quiz

Half Minute Multiplication Blitz Quiz Stats

 Plays Quiz Updated Mar 17, 2020

Support Sporcle.
Go Orange.
Score 0/28 Timer 00:30
5 Plays Today
Question Answer % Correct
1 x 44
73.6%
1 x 11
73.4%
2 x 24
73.3%
3 x 39
73.3%
1 x 33
73.2%
2 x 36
73.2%
1 x 77
73.2%
1 x 22
73.2%
2 x 48
73.2%
1 x 55
73.1%
2 x 714
73.1%
2 x 510
73%
1 x 66
73%
4 x 416
72.9%
Question Answer % Correct
3 x 515
72.9%
5 x 525
72.8%
3 x 412
72.8%
3 x 721
72.7%
3 x 618
72.7%
4 x 520
72.7%
2 x 612
72.6%
6 x 636
72.5%
4 x 624
72.4%
5 x 630
72.3%
5 x 735
72.2%
7 x 749
72.2%
4 x 728
72.1%
6 x 742
71%

From the Vault

Riverdale Characters by Picture

by lolshortee

Riverdale: A great place to get away with it all.
Remove Ads.
Support Sporcle.
Get the best of Sporcle when you Go Orange. This ad-free experience offers more features, more stats, and more fun while also helping to support Sporcle. Thank you for becoming a member.

Show Comments

Extras

Top Quizzes Today


Score Distribution

Your Account Isn't Verified!

In order to create a playlist on Sporcle, you need to verify the email address you used during registration. Go to your Sporcle Settings to finish the process.

Report this User

Report this user for behavior that violates our Community Guidelines.

Details: